Normal view
MARC view
- المناهج - المقررات الدراسية - سيكولوجية المجتمع - الثقافة العربية - الحضارة العربية - البلاد العربية -تاريخ
Entry Topical Term
001 - CONTROL NUMBER
- control field: 50140
003 - CONTROL NUMBER IDENTIFIER
- control field: JO-AjAnu
005 - DATE AND TIME OF LATEST TRANSACTION
- control field: 20230606082246.0
008 - FIXED-LENGTH DATA ELEMENTS
- fixed length control field: 230606|| aca||aabn | a|a d
040 ## - CATALOGING SOURCE
- Original cataloging agency: JO-AjAnu
- Transcribing agency: JO-AjAnu
150 ## - HEADING--TOPICAL TERM
- Topical term or geographic name entry element: المناهج - المقررات الدراسية - سيكولوجية المجتمع - الثقافة العربية - الحضارة العربية - البلاد العربية -تاريخ
670 ## - SOURCE DATA FOUND
- Source citation: Work cat.: (JO-AjAnu)25636: جمع واعداد العنابي، زهر، م. مشارك طارق هياجنة, author 50139, الكتاب الأكاديمي، ج10